书目信息 |
| 题名: |
乡土中国
|
|
| 作者: | 费孝通 著 ;刘豪兴 编 | |
| 分册: | ||
| 出版信息: | 上海 上海人民出版社 2007.08 |
|
| 页数: | 596页 | |
| 开本: | 23cm | |
| 丛书名: | 世纪人文系列丛书 | |
| 单 册: | ||
| 中图分类: | C912.82 | |
| 科图分类: | ||
| 主题词: | 农村社会学--nong cun she hui xue--研究--中国 | |
| 电子资源: | ||
| ISBN: | 978-7-208-06942-8 | |
| 000 | 00935nam 2200265 450 | |
| 001 | 012008713310 | |
| 005 | 20080516090638.76 | |
| 010 | @a978-7-208-06942-8@dCNY48.00 | |
| 100 | @a20080516d2007 em y0chiy0120 ea | |
| 101 | 0 | @achi |
| 102 | @aCN@b310000 | |
| 105 | @ay z 000yy | |
| 106 | @ar | |
| 200 | 1 | @a乡土中国@Axiang tu zhong guo@f费孝通著@Ffei xiao tong zhu@g刘豪兴编@Gliu hao xing bian |
| 210 | @a上海@c上海人民出版社@d2007.08 | |
| 215 | @a596页@d23cm | |
| 225 | 2 | @a世纪人文系列丛书@Ashi ji ren wen xi lie cong shu@i世纪文库 |
| 330 | @a本书辑录的《乡土中国》、《皇权与绅权》、《内地的农村》、《乡土重建》和《生育制度》等5篇著作。 | |
| 410 | 0 | @12001 @a世纪人文系列丛书@i世纪文库 |
| 606 | 0 | @a农村社会学@Anong cun she hui xue@x研究@y中国 |
| 690 | @aC912.82@v4 | |
| 701 | 0 | @a费孝通@Afei xiao tong@4著 |
| 702 | 0 | @a刘豪兴@Aliu hao xing@4编 |
| 801 | 0 | @aCN@bQSSK@c20080516 |
| 905 | @b712600-02@dC912.82@eF376@f3 | |
| 乡土中国/费孝通著/刘豪兴编.-上海:上海人民出版社,2007.08 |
| 596页;23cm.-(世纪人文系列丛书.世纪文库) |
| ISBN 978-7-208-06942-8:CNY48.00 |
| 本书辑录的《乡土中国》、《皇权与绅权》、《内地的农村》、《乡土重建》和《生育制度》等5篇著作。 |
| ● |
| 相关链接 |
|
|
|
正题名:乡土中国
索取号:C912.82/F376
 
预约/预借
| 序号 | 登录号 | 条形码 | 馆藏地/架位号 | 状态 | 备注 |
| 1 | 712600 | 207126000 | 社科库509/509社科库 60排2列6层/ [索取号:C912.82/F376] | 在馆 | |
| 2 | 712601 | 207126019 | 社科库509/509社科库 60排3列1层/ [索取号:C912.82/F376] | 在馆 | |
| 3 | 712602 | 207126028 | 社科库509/509社科库 60排3列1层/ [索取号:C912.82/F376] | 在馆 |